Countries with the Most English Speakers - Statistics

General Stats
  • This quiz has been taken 150 times
  • The average score is 8 of 10
Answer Stats
Place Status Speakers Answer % Correct
5. National 62 912 000 U.K.
100%
1. National 307 170 460 U.S.A.
100%
7. National 30 480 750 Canada
97%
2. Official 194 086 968 India
93%
3. Official 178 198 040 Nigeria
84%
10. Official 22 506 415 Pakistan
79%
6. 45 400 000 Germany
75%
9. 23 000 000 France
73%
4. Official 64 025 890 Philippines
48%
8. 28 101 325 Egypt
46%
No matching quizzes found
Score Distribution
Percent of People with Each Score
Percentile by Number Answered
Your Score History
You have not taken this quiz